5HLuxD.jpg

KING HENRY VIII SENIOR AND PRIMARY SCHOOL LIBRARY OPAC

Climate change begins at home : (Record no. 247)

000 -LEADER
fixed length control field 00955nam a2200289 a 4500
001 - CONTROL NUMBER
control field 016507074
003 - CONTROL NUMBER IDENTIFIER
control field UkOxU
005 - DATE AND TIME OF LATEST TRANSACTION
control field 20190802111411.0
008 - FIXED-LENGTH DATA ELEMENTS--GENERAL INFORMATION
fixed length control field 060421r20062005enkob b 001 0 eng
015 ## - NATIONAL BIBLIOGRAPHY NUMBER
National bibliography number GBA642166
Source bnb
020 ## - INTERNATIONAL STANDARD BOOK NUMBER
International Standard Book Number 9780230007543 (pbk.)
020 ## - INTERNATIONAL STANDARD BOOK NUMBER
International Standard Book Number 0230007546 (pbk.)
040 ## - CATALOGING SOURCE
Original cataloging agency StDuBDS
Transcribing agency KH8
082 04 - DEWEY DECIMAL CLASSIFICATION NUMBER
Classification number 363.738 REA
Edition number 22
100 1# - MAIN ENTRY--PERSONAL NAME
Personal name Reay, Dave,
Dates associated with a name 1972-
Relator term author
245 10 - TITLE STATEMENT
Title Climate change begins at home :
Remainder of title life on the two-way street of global warming /
Statement of responsibility, etc. Dave Reay.
260 ## - PUBLICATION, DISTRIBUTION, ETC.
Place of publication, distribution, etc. London :
Name of publisher, distributor, etc. Macmillan,
Date of publication, distribution, etc. 2006.
300 ## - PHYSICAL DESCRIPTION
Extent xvii, 203 p. :
Other physical details ill. ;
Dimensions 20 cm.
500 ## - GENERAL NOTE
General note Originally published: 2005.
504 ## - BIBLIOGRAPHY, ETC. NOTE
Bibliography, etc. note Includes bibliographical references.
650 #0 - SUBJECT ADDED ENTRY--TOPICAL TERM
Topical term or geographic name entry element Greenhouse gases
General subdivision Environmental aspects.
650 #0 - SUBJECT ADDED ENTRY--TOPICAL TERM
Topical term or geographic name entry element Climatic changes.
650 #0 - SUBJECT ADDED ENTRY--TOPICAL TERM
Topical term or geographic name entry element Environmental protection
General subdivision Citizen participation.
942 ## - ADDED ENTRY ELEMENTS (KOHA)
Source of classification or shelving scheme
Koha item type Books - Non Ficton
Holdings
Withdrawn status Lost status Source of classification or shelving scheme Damaged status Not for loan Collection code Permanent Location Current Location Shelving location Date acquired Full call number Barcode Date last seen Price effective from Koha item type
          Non-Fiction KH8 Senior School Library KH8 Senior School Library Non Fiction 2019-08-02 363.738 REA 3KHSL000100063 2019-08-02 2019-08-02 Books - Non Ficton

Powered By KH8 IT Dept